00281 a2200109 4500040001300000082001300013100002000026245004400046260004200090300002100132650001800153 aDLCbDLC a891.4391 aUbair, Abu Zari aPapar KararycUbair Abu Zarih[Punjabi] aLahore:bAlhamad publications,c1999. a144 p. ;c22 cm. aPunjabi Adab.